|
|
|
|
| LEADER |
01689nam a2200481 a 4500 |
| 001 |
EBC3331641 |
| 003 |
MiAaPQ |
| 005 |
20200520144314.0 |
| 006 |
m o d | |
| 007 |
cr cn||||||||| |
| 008 |
060907s2005 quca sb 001 0 eng |
| 010 |
|
|
|z 2006281221
|
| 016 |
|
|
|z 20049058088
|
| 020 |
|
|
|z 0773528202 (hbk.)
|
| 020 |
|
|
|z 0773528210
|
| 035 |
|
|
|a (MiAaPQ)EBC3331641
|
| 035 |
|
|
|a (Au-PeEL)EBL3331641
|
| 035 |
|
|
|a (CaPaEBR)ebr10178290
|
| 035 |
|
|
|a (CaONFJC)MIL286309
|
| 035 |
|
|
|a (OCoLC)923230848
|
| 040 |
|
|
|a MiAaPQ
|c MiAaPQ
|d MiAaPQ
|
| 043 |
|
|
|a f-bs---
|
| 045 |
|
|
|a x6y0
|
| 050 |
|
4 |
|a HC930
|b .L45 2005
|
| 055 |
0 |
1 |
|a HC930
|
| 055 |
|
0 |
|a HC930
|b L45 2005
|
| 055 |
0 |
0 |
|a HC930
|b L45 2005
|
| 082 |
0 |
4 |
|a 330.96883/03
|2 22
|
| 100 |
1 |
|
|a Leith, J. Clark
|q (James Clark),
|d 1937-
|
| 245 |
1 |
0 |
|a Why Botswana prospered
|h [electronic resource] /
|c J. Clark Leith.
|
| 260 |
|
|
|a Montreal :
|b McGill-Queen's University Press,
|c c2005.
|
| 300 |
|
|
|a xi, 156 p. :
|b ill.
|
| 504 |
|
|
|a Includes bibliographical references and index.
|
| 533 |
|
|
|a Electronic reproduction. Ann Arbor, MI : ProQuest, 2015. Available via World Wide Web. Access may be limited to ProQuest affiliated libraries.
|
| 651 |
|
0 |
|a Botswana
|x Economic conditions
|y 1966-
|
| 651 |
|
0 |
|a Botswana
|x Economic policy.
|
| 651 |
|
0 |
|a Botswana
|x Politics and government
|y 1966-
|
| 651 |
|
6 |
|a Botswana
|x Conditions economiques
|y 1966-
|
| 651 |
|
6 |
|a Botswana
|x Politique economique.
|
| 651 |
|
6 |
|a Botswana
|x Politique et gouvernement
|y 1966-
|
| 655 |
|
4 |
|a Electronic books.
|
| 710 |
2 |
|
|a ProQuest (Firm)
|
| 856 |
4 |
0 |
|u https://ebookcentral.proquest.com/lib/matrademy/detail.action?docID=3331641
|z Click to View
|